Most Popular Male Names Overall, 1950 Quiz Stats

 Plays Quiz not verified by Sporcle

Score 0/50 Timer 08:00
0 Plays Today
Rank and initial letter Name % Correct
1. JJohn
100%
2. WWilliam
98.6%
6. RRobert
96.7%
4. JJames
96.2%
7. TThomas
95.7%
3. CCharles
93.8%
5. GGeorge
93.8%
12. FFrank
91.9%
26. PPaul
91.9%
13. RRichard
91.5%
31. PPeter
91.5%
8. HHenry
91%
10. EEdward
90%
18. DDavid
90%
14. HHarry
87.7%
35. SStephen
87.7%
41. MMichael
87.2%
29. AAndrew
86.7%
23. DDaniel
83.9%
9. JJoseph
83.4%
27. FFred
80.6%
11. SSamuel
80.1%
25. HHarold
77.3%
33. PPhilip
76.3%
17. WWalter
74.9%
Rank and initial letter Name % Correct
20. AAlbert
73%
15. FFrancis
72%
37. CCarl
71.1%
16. FFrederick
70.1%
21. BBenjamin
68.2%
22. AAlexander
67.8%
19. AArthur
64%
24. LLouis
63%
49. RRaymond
63%
28. EEdwin
60.7%
30. AAlfred
59.7%
36. JJacob
59.7%
45. HHoward
59.2%
46. IIsaac
56.9%
38. TTheodore
55.5%
32. RRalph
51.7%
42. LLewis
50.2%
48. RRoy
47.9%
34. HHerbert
47.4%
47. NNathaniel
46.4%
40. EErnest
46%
43. EEugene
38.9%
44. HHugh
38.9%
39. CClarence
36%
50. EEdmund
32.2%

You're not logged in!

Compare scores with friends on all Sporcle quizzes.
OR
Log In

Show Comments

Extras

Top Quizzes Today


Score Distribution

Your Account Isn't Verified!

In order to create a playlist on Sporcle, you need to verify the email address you used during registration. Go to your Sporcle Settings to finish the process.

Report this User

Report this user for behavior that violates our Community Guidelines.

Details: